Cien años de arquitectura en Colombia - XVII Bienal de Arquitectura / (Registro nro. 11142)

Detalles MARC
000 -LEADER
fixed length control field 01100nam a2200277 4500
001 - CONTROL NUMBER
control field 0000017627
003 - CONTROL NUMBER IDENTIFIER
control field CO-CtgCURN
005 - DATE AND TIME OF LATEST TRANSACTION
control field 20250329191018.0
007 - PHYSICAL DESCRIPTION FIXED FIELD--GENERAL INFORMATION
fixed length control field ta
008 - FIXED-LENGTH DATA ELEMENTS--GENERAL INFORMATION
fixed length control field 160627s2000 000 0 eng d
020 ## - INTERNATIONAL STANDARD BOOK NUMBER
International Standard Book Number 9589404022
040 ## - CATALOGING SOURCE
Original cataloging agency CO-CtgCURN
Language of cataloging spa
Transcribing agency coctgcurn
082 0# - DEWEY DECIMAL CLASSIFICATION NUMBER
Classification number 720.986
Item number B43c
111 2# - MAIN ENTRY--MEETING NAME
Meeting name or jurisdiction name as entry element Bienal Colombiana de Arquitectura
Location of meeting Bogotá, Colombia :
Date of a work 2000.
245 10 - TITLE STATEMENT
Title Cien años de arquitectura en Colombia - XVII Bienal de Arquitectura /
Statement of responsibility, etc. Bienal de Arquitectura.
260 ## - PUBLICATION, DISTRIBUTION, ETC.
Place of publication, distribution, etc. Bogotá :
Name of publisher, distributor, etc. Sociedad Colombiana de Arquitectos,
Date of publication, distribution, etc. 2000.
300 ## - PHYSICAL DESCRIPTION
Extent 384 p.
336 ## - CONTENT TYPE
Source rdacontent
337 ## - MEDIA TYPE
Source rdamedia
Media type term sin mediacion
Media type code n
338 ## - CARRIER TYPE
Source rdacarrier
Carrier type term volumen
Carrier type code nc
505 8# - FORMATTED CONTENTS NOTE
Formatted contents note Cien años de arquitectura en Colombia.--Lo urbano y la ciudad.--Arquitectura, modernidad y ciudad.--El patrimonio y la ciudad.--Pensamiento y ciudad.--Lo tectonico.--Homenaje al arquitecto Rogelio Salmona
650 14 - SUBJECT ADDED ENTRY--TOPICAL TERM
Topical term or geographic name entry element Arquitectura colombiana.
908 ## - PUT COMMAND PARAMETER (RLIN)
Put command parameter 160627
942 ## - ADDED ENTRY ELEMENTS (KOHA)
Koha item type Libros
Classification part 720.986
Item part B43c
Source of classification or shelving scheme Dewey Decimal Classification
Existencias
Withdrawn status Lost status Source of classification or shelving scheme Damaged status Not for loan Collection Home library Current library Shelving location Date acquired Inventory number Total checkouts Full call number Barcode Date last seen Price effective from Koha item type Public note
    Dewey Decimal Classification     General Miguel Henríquez Castañeda Miguel Henríquez Castañeda General 03/29/2025 011953   720.986 B43c 011953 03/29/2025 03/29/2025 Libros 720-ARQPAI